| 000 | 00888nas a2200229 a 4500 | ||
|---|---|---|---|
| 001 | 49544 | ||
| 003 | BD-RjUL | ||
| 005 | 20211209054707.0 | ||
| 008 | 160821s1977 nyuar i 0 |eng d | ||
| 035 | _a(BD-RjUL)49663 | ||
| 040 |
_aBD-RjUL _beng _cBD-RjUL _dBD-RjUL |
||
| 041 | _aeng | ||
| 082 |
_223 _a362.973 _bSOC 1977 |
||
| 111 | 2 |
_aNational Conference on Social Welfare. _9148614 |
|
| 245 | 1 | 4 |
_aThe social welfare forum, 1976 : _bofficial proceedings, 103rd Annual Forum, National Conference on Social Welfare, Washington, D.C., June 13-June 17, 1976. / _cNational Conference on Social Welfare. |
| 260 |
_aNew York : _bColumbia University Press, _c1977 |
||
| 300 |
_axiv, 271 p. ; _c24 cm. |
||
| 500 | _aInclude index | ||
| 650 | 0 |
_aSocial service _zUnited States _vCongresses. _9148615 |
|
| 650 | 0 |
_aSocial work administration _zUnited States _vCongresses. _9148616 |
|
| 942 |
_2ddc _cBK |
||
| 999 |
_c49544 _d49544 |
||